000 00948nam a2200313Ia 4500
003 OSt
005 20221006160212.0
006 a|||||r|||| 00| 0
007 ta
008 221006b |||||||| |||| 00| 0 eng d
020 _a9788974795887
_cW12,000
024 _a44,600
037 _bGift, Window on Korea
_cTextual
040 _aEASL
_cEASL
_beng
041 _2eng
_aeng
082 _aQ4956.495, Q0
100 _aJiheo Ven
_9672370
245 0 _aDiary of a Korean Zen monk
260 _aKorea
_bBulkwang Publishing Korea
_c2010
300 _a144p.
_ccm.
490 _v KEL
650 _a KEL
650 _a Korea - Ecology of the Seonbang
_9672371
650 _aKorea - Sangwonsa temple
_9672372
700 _a Kwon Jong Tr.
_9672373
700 _a Tedesco Frank Tr.
_9672374
942 _hQ4956.495, Q0
_cTEXL
_2CC
999 _c1112692
_d1112692